000 00734nam a2200229Ia 4500
003 GCL
008 140319s9999 xx 000 0 ara d
040 _aGCL /
_cGCL
082 0 4 _a301.01
_bص ع
100 1 _aصلاح العبد
245 1 0 _aعلم الاجتماع التطبيقى وتنمية المجتمع العربى /
_cصلاح العبد
300 _a376 ص
490 _aالهيئة العامة للاستعلامات
_v0
650 0 4 _aالسكان
650 0 4 _aالتغير الاجتماعى
650 0 4 _aالتخطيط الاجتماعى
650 0 4 _aالاجتماع، علم
650 0 4 _aالقرية
650 0 4 _aالاجتماع التطبيقى
650 0 4 _aالمدينة
942 _2ddc
_cBK
999 _c49910
_d49910